000
00302nam a2200109Ia 4500
008
191206s9999 xx 000 0 und d
090
_a
ML350855
245
3
_a
An Outline of American history
260
_a
U. S. Information Agency
260
_c
c1965]
300
_a
"246 p. illus., maps. ports. 21 x 27 cm."
999
_c
15456
_d
15456